00579 2200181 4500245003400000020002200034250001100056100001400067100001800081700001300099650001600112005001900128260004200147041001400189084001100203500017400214336000900388 aSenja & PagicAlffy RevhText a978-623-7211-00-6 aCet. 5 aAlffy Rev aLinka Angelia aLarasati aNovel Fiksi a20230926105750 aJakartabLoveable x Bhumi Anomac2019 aIndonesia a808.83 a"Assalamualaikum alam semesta! Perkenalkan istri mungil saya, namanya Linka.Bisa juga dipanggil 'Pagi'.Dia akan jadi bagian penting perjalanan besar saya menjelajahimu." atext